000 00944nam0a22002651 4500
001 rc\3360083
005 20130115152756.1
021 _aRU
_b[75-18708]
035 _a(NLR Aleph) 007525281
090 _a7738172
_c7738172
100 _a20130115d1974 |||y0rusy50 ca
101 0 _arus
102 _aRU
105 _aa z |||||
200 1 _aВопросы когерентности в оптике
_eУчеб. пособие
_fМВ и ССО РСФСР. Горьк. гос. ун-т им. Н.И. Лобачевского. Кафедра эксперим. физики
210 _aГорький
_cБ. и.
_d1974
215 _a83 с.
_cчерт.
_d20
320 _aСписок лит.: с. 82 (8 назв.)
606 _aКогерентность пространственная
_2psbo
700 1 _aЛившиц
_bМ. С.
801 0 _aRU
_bNLR
_gpsbo
801 1 _aRU
_bELAR
_2rusmarc
852 _aNLR
_j75-4/2872
942 _cBOOK
980 _aNB